000 00858nam a22002297a 4500
999 _c18033
_d18033
005 20251125232902.0
008 s2537 th tha d
020 _a9742820988
040 _aNALT
041 _atha
100 0 _aสุนทร มณีสวัสดิ์
245 1 0 _aถาม-ตอบ หนี้
260 3 _aกรุงเทพฯ :
_bวิญญูชน,
_c2537
300 _a206 หน้า :
_b แผนภูมิ ;
_c 21 ซม.
650 0 4 _aกฎหมายแพ่งและพาณิชย์ -- หนี้
650 0 4 _aหนี้ -- คำถามและคำตอบ
850 _aNALT
856 4 0 _uhttps://hdl.handle.net/20.500.14156/461914
_71
942 _cLB
_2lcc
998 _j25
_k นีลวัสน์ อินทรักษา
090 _aKS43 ส789ถ 2537